000 01755nam a2200229Ia 4500
003 Ost
005 20260507075328.0
008 260507s9999||||xx |||||||||||||| ||und||
020 _a7150799579
040 _cfsecg
041 _aara
082 _a330
100 _aتعلب، سيد صابر
_eمؤلف
245 0 _aنظم المعلومات الادارية /
_c سيد صابر تعلب
260 _aعمان:
_bدار الفكر,
_c2011
300 _a352 صفحة؛
_bإيضاحات ؛
_c25 سم
504 _aمصطلحات ص.323 ؛ مراجع ص.331
520 _aتعريفات مهمة حول البيانات و المعلومات ، الحاسب الآلي و المعالجة الالكترونية ، قواعد البيانات ، نمذجة البيانات و علاقات الكيانات ، ماهية نظم المعلومات و مراحل المعالجة ، دراسة نظام المعلومات من حيث دقة المخرجات ، العلاقة بالبيئة ، رسمية تواجد النظام ، تكامل النظم الفرعية ، العلاقة مع النظم الأخرى و تشغيل النظام ، أنواع نظم المعلومات من حيث التخصصات الموضوعية ، الأفراد الذي لهم دور في نجاح نظم المعلومات ، تحليل و تصميم نظم المعلومات الادارية و بناء هذه النظم ، الانترنيت و نظم المعلومات الادارية ، تأمين نظم المعلومات الادارية و أخيرا أمثلة لبعض نظم المعلومات
653 _aنظم المعلومات الادارية
653 _aنظم المعلومات- المؤسسة الممتدة
942 _cكتاب
999 _c43980
_d43980